| 000 | 00435nam a22001697a 4500 | ||
|---|---|---|---|
| 003 | NUST - PNEC | ||
| 005 | 20170116180847.0 | ||
| 008 | 150824b xxu||||| |||| 00| 0 eng d | ||
| 020 | _a0471811033 | ||
| 040 | _cLIBRARY | ||
| 082 | _a537 RAM | ||
| 100 |
_95480 _aRamo, Simon; |
||
| 245 |
_aFields and waves in communication electronics _cSimon Ramo |
||
| 260 | _cc.1965 | ||
| 650 |
_95483 _aTelecommunication _xEE |
||
| 942 |
_2ddc _cBK |
||
| 999 |
_c64480 _d64480 |
||